000 01723nam0a2200361 4500
001 RU\NLR\BIBL_A\012024618
005 20190625092644.0
010 _a978-5-91327-577-6
_9500
021 _aRU
_bКН-П-19-033546
_9КН-П-19-2492
035 _a(NLR Aleph) 012024618
035 _a(RuMoRGB)009974415
090 _a11519541
_c11519541
100 _a20190529d2019 k y0rusy50 ca
101 0 _arus
102 _aRU
105 _aa|||z|||000zy
200 1 _aФункциональные и метаболические эффекты симпато-адреналовой системы и стресс
_eмонография
_fС. О. Тапбергенов, Т. С. Тапбергенов, N. Hahn, Б. С. Советов
210 _aМосква
_cИздательский дом Академии естествознания
_d2019
215 _a137 с.
_cил., цв. ил., табл.
_d20
320 _aБиблиогр.: с. 116-135 (283 назв.)
606 1 _aСимпато-адреналовая система
_xФункциональные исследования при стрессе
_2nlr_sh2
_3RU\NLR\AUTH\6601657705
610 0 _aсимпато-адреналовая система действие стресса
686 1 _aР252.51
686 1 _aР252.79
701 1 _aТапбергенов
_bС. О.
_f1941-
_gСалават Оразович
701 1 _aТапбергенов
_bТ. С.
_f1966-
_gТимур Салаватович
701 1 _aHahn
_bN.
_gNellia
701 1 _aСоветов
_bБ. С.
_gБахытбек Советович
942 _cBOOK
980 _aNBR
980 _aNB